Central Library OPAC University of Rajshahi

The Cambridgeshire syllabus of religious teaching for schools / (Record no. 45860)

MARC details
000 -LEADER
fixed length control field 00872nam a2200241 a 4500
001 - CONTROL NUMBER
control field 45860
003 - CONTROL NUMBER IDENTIFIER
rucl marc code BD-RjUL
005 - DATE AND TIME OF LATEST TRANSACTION
control field 20211209054058.0
008 - FIXED-LENGTH DATA ELEMENTS--GENERAL INFORMATION
fixed length control field 160728r19511949enka b 00000 eng d
035 ## - SYSTEM CONTROL NUMBER
System control number (BD-RjUL)45978
System control number 1681707
040 ## - CATALOGING SOURCE
Original cataloging agency BD-RjUL
Language of cataloging eng
Transcribing agency BD-RjUL
041 ## - LANGUAGE CODE
Language code of text/sound track or separate title eng
082 ## - DEWEY DECIMAL CLASSIFICATION NUMBER
Classification number 268.0942
Author mark and year CAC 1951
110 2# - MAIN ENTRY--CORPORATE NAME
Corporate name or jurisdiction name as entry element Cambridgeshire Education Committee.
Subordinate unit Advisory Committee.
9 (RLIN) 140256
245 14 - TITLE STATEMENT
Title The Cambridgeshire syllabus of religious teaching for schools /
Statement of responsibility, etc. Cambridgeshire Education Committee;Advisory Committee.
260 ## - PUBLICATION, DISTRIBUTION, ETC. (IMPRINT)
Place of publication, distribution, etc. Cambridge :
Name of publisher, distributor, etc. Cambridge University Press,
Date of publication, distribution, etc. 1949
-- [re-issued 1951]
300 ## - PHYSICAL DESCRIPTION
Pagination vii, 183 p. :
Illustrations ill. ;
Size 22 cm.
504 ## - BIBLIOGRAPHY, ETC. NOTE
Bibliography, etc Bibliography: p. 157-182.
650 #0 - SUBJECT ADDED ENTRY--TOPICAL TERM
Topical term or geographic name as entry element Religious education
Geographic subdivision England
-- Cambridgeshire.
9 (RLIN) 140253
Topical term or geographic name as entry element Religious education
General subdivision Outlines, syllabi, etc.
9 (RLIN) 140254
942 ## - ADDED ENTRY ELEMENTS (KOHA)
Source of classification or shelving scheme Dewey Decimal Classification
Koha item type Books
Holdings
Lost status Source of classification or shelving scheme Damaged status Not for loan Collection code Permanent Location Current Location Shelving location Date acquired Source of acquisition Cost, normal purchase price Total Checkouts Full call number Date last seen Copy number Koha item type
  Dewey Decimal Classification     Non-fiction Central Library, University of Rajshahi Central Library, University of Rajshahi   31/07/1957 A.B.C. 12.30   268.0942 CAC 1951 28/07/2016 C-2 Books